000 00370nam a2200157Ia 4500
008 230917s9999||||xx |||||||||||||| ||und||
020 _cRS300
040 _e28575
_aMAIN
041 _aEnglish
082 _a954.01 G749S
100 _aGoyal, Sriram
245 0 _aSamudragupla parakramank
260 _aMerut
_bKusumanjali
_c1993
300 _axxxi,298 p.
942 _cBK
999 _c91345
_d91345